Спрага справедливости (Запис № 431157)

МАРК-запис
000 -LEADER
fixed length control field 00753nam a22002537a 4500
001 - CONTROL NUMBER
control field 51017
003 - CONTROL NUMBER IDENTIFIER
control field UA-OsUOA
005 - DATE AND TIME OF LATEST TRANSACTION
control field 20201227211349.0
007 - PHYSICAL DESCRIPTION FIXED FIELD--GENERAL INFORMATION
fixed length control field ta
008 - FIXED-LENGTH DATA ELEMENTS--GENERAL INFORMATION
fixed length control field 20140717b un ||||| |||| 00| 0 ukr d
040 ## - CATALOGING SOURCE
Original cataloging agency UA-OsUOA
Language of cataloging ukr
Transcribing agency UA-OsUOA
Modifying agency UA-OsUOA
041 ## - LANGUAGE CODE
Language code of text/sound track or separate title ukr
080 ## - UNIVERSAL DECIMAL CLASSIFICATION NUMBER
Universal Decimal Classification number 09.-82-92
090 ## - LOCALLY ASSIGNED LC-TYPE CALL NUMBER (OCLC); LOCAL CALL NUMBER (OCLC)
Classification number (OCLC) (R) ; Classification number, CALL (RLIN) (NR) 09.-82-92
Local cutter number (OCLC) ; Book number/undivided call number, CALL (RLIN) О-58
100 ## - MAIN ENTRY--PERSONAL NAME
Personal name Онацький Є.
245 ## - TITLE STATEMENT
Title Спрага справедливости
260 ## - PUBLICATION, DISTRIBUTION, ETC. (IMPRINT)
Place of publication, distribution, etc Буенос Айрес
Name of publisher, distributor, etc Перемога
Date of publication, distribution, etc 1950
300 ## - PHYSICAL DESCRIPTION
Extent 132 с.
650 #7 - SUBJECT ADDED ENTRY--TOPICAL TERM
Topical term or geographic name as entry element 0 Загальний відділ.
Source of heading or term UDC
942 ## - ADDED ENTRY ELEMENTS (KOHA)
Koha item type Книги
Source of classification or shelving scheme Universal Decimal Classification
955 ## - COPY-LEVEL INFORMATION (RLIN)
Classification number, CCAL (RLIN) Наукові видання
Фонди
Withdrawn status Lost status Source of classification or shelving scheme Damaged status Not for loan Home library Current library Date acquired Source of acquisition Cost, normal purchase price Inventory number Total Checkouts Full call number Barcode Date last seen Price effective from Koha item type
    Universal Decimal Classification     Наукова бібліотека ІДУД Наукова бібліотека ІДУД 17/07/2014 311/2014 1.00 2136829   09.-82-92 О-58 2136829 14/09/2019 17/07/2014 Книги
    Universal Decimal Classification     Наукова бібліотека ІДУД Наукова бібліотека ІДУД 11/06/2015 323/2015 1.00 2138109   09-82-4 О-58 2138109 15/09/2019 11/06/2015 Книги
    Universal Decimal Classification     Наукова бібліотека ІДУД Наукова бібліотека ІДУД 01/04/2008 109/2007 1.00 2128055     2128055 15/09/2019 01/04/2008 Книги